01448cam a2200253 a 450000100100000000500170001000800410002704000250006804100130009308200160010624501590012224600300028126000990031130000240041050000250043471001010045971000550056095201120061595201130072795201130084095201130095395201130106699900150117900000717620200929154104.0820225s1965 dcua bc i000 0cspa  aDO-SdBNPbspacBNPHU17aspaheng annnbC737 a00aCompositores de América :bdatos biográficos y catálogos de sus obras = Composers of the Américas : biographical data and catalogs of their works.31aComposers of the Americas aWashington, D.C. :bSecretaría General ;bOrganización de los Estados Américanos,c1965. av. :bil. ;c28 cm. aReimpresión, 1978.1 aUnión Panamericana. Secretaría General de la Organización de los Estados Americanos9199271 aUnión Panamericana. Sección de Música919928 001052708MOaGRbGRcCTd2009-09-05iLF1l0ov.7p7176-10r2020-06-25w2020-06-25y2ZPréstamo interno 001052708MOaGRbGRcCTd2010-02-11iLF1l0ov.10p7176-20r2020-06-25w2020-06-25y2ZPréstamo interno 001052708MOaGRbGRcCTd2010-02-11iLF1l0ov.11p7176-30r2020-06-25w2020-06-25y2ZPréstamo interno 001052708MOaGRbGRcCTd2010-02-11iLF1l0ov.12p7176-40r2020-06-25w2020-06-25y2ZPréstamo interno 001052708MOaGRbGRcCTd2010-02-11iLF1l0ov.19p7176-50r2020-06-25w2020-06-25y2ZPréstamo interno c6957d6957